10 Plus grandes villes des pays baltes - Statistiques

Statistiques générales
  • Ce quiz a été pris 40 fois
  • Le résultat moyen est 5 sur 10
Réponses sur la Carte
Les réponses sont colorées sur une échelle allant du rouge au vert en fonction du pourcentage des utilisateurs qui les ont devinées à leur premier essai. Vous pouvez retrouver ces pourcentages ci-dessous.
 
Statistiques - réponses
Pays Ville Population % Correct
Lettonie Riga 600 mille
100%
Estonie Tallinn 450 mille
97%
Lituanie Vilnius 600 mille
89%
Lituanie Kaunas 300 mille
62%
Estonie Tartu 100 mille
46%
Lettonie Daugavpils 78 mille
38%
Lituanie Klaipeda 160 mille
32%
Lettonie Liepāja 67 mille
11%
Lituanie Panevezys 85 mille
3%
Lituanie Šiauliai 110 mille
3%
Aucun quiz correspondant
Distribution des résultats
% des personnes avec chaque résultat
Percentile par nombre de réponses
Votre historique - résultats
Vous n’avez pas pris ce quiz